Evaluation of a Pharmaceutical Company

Cieľom tohto príspevku je zhodnotiť modelovú spoločnosť na vizuálnom zobrazení, na ktorom budeme hľadať a testovať možné oblasti dopadu krízy, ako na spoločnosti, tak aj na vybrané metódy, ktoré predstavujú proces hodnotenia spoločnosti.

Salvato in:
Dettagli Bibliografici
Autore principale: Kudlová, Zuzana, 1986-
Altri autori: Kováč, Ondrej, 1957-
Natura: Capitolo di libro
Lingua:inglese
Soggetti:
Tags: Aggiungi Tag
Nessun Tag, puoi essere il primo ad aggiungerne!!

MARC

LEADER 00000naa$a2200000$$$4500
001 0296605
005 20240502074510.0
041 0 |a eng 
044 |a SK 
245 1 0 |a Evaluation of a Pharmaceutical Company  |c Zuzana Kudlová, Ondrej Kováč 
520 |a Cieľom tohto príspevku je zhodnotiť modelovú spoločnosť na vizuálnom zobrazení, na ktorom budeme hľadať a testovať možné oblasti dopadu krízy, ako na spoločnosti, tak aj na vybrané metódy, ktoré predstavujú proces hodnotenia spoločnosti. 
610 2 0 |a spoločnosti 
610 2 0 |a farmakológia 
610 2 0 |a analýza finančná 
610 2 0 |a prognózy 
610 2 0 |a kríza 
610 2 0 |a oceňovanie 
100 1 |a Kudlová, Zuzana, 1986- 
700 1 |a Kováč, Ondrej, 1957-